Statistics for Countries Bordering the Most EU Countries

Click here to take the quiz!

General Stats

  • This quiz has been taken 217 times
  • The average score is 14 of 16

Answer Stats

# Bordering European Union Countries Country % Correct
5Belgium, Germany, Italy, Luxembourg, SpainFrance
94%
8Austria, Belgium, Czech Republic, Denmark, France, Luxembourg, Netherlands, PolandGermany
93%
5Estonia, Finland, Latvia, Lithuania, PolandRussia
92%
4Austria, France, Germany, ItalySwitzerland
92%
4Czech Republic, Germany, Lithuania, SlovakiaPoland
91%
3Austria, France, SloveniaItaly
91%
6Czech Republic, Germany, Hungary, Italy, Slovakia, SloveniaAustria
90%
4Austria, Czech Republic, Hungary, PolandSlovakia
90%
4Austria, Germany, Poland, SlovakiaCzech Republic
89%
5Austria, Croatia, Romania, Slovakia, SloveniaHungary
88%
4France, Germany, Luxembourg, NetherlandsBelgium
87%
4Bulgaria, Croatia, Hungary, RomaniaSerbia
86%
4Austria, Croatia, Hungary, ItalySlovenia
84%
4Hungary, Poland, Romania, SlovakiaUkraine
84%
3Belgium, France, GermanyLuxembourg
77%
3Latvia, Lithuania, PolandBelarus
75%

Score Distribution

Percentile by Number Answered

Percent of People with Each Score

Your Score History

You have not taken this quiz